Statistics for Rockstar Games Developed Games

Click here to take the quiz!

General Stats

  • This quiz has been taken 100 times
  • The average score is 12 of 14

Answer Stats

HintGame% Correct
Niko Bellic comes to Liberty City, America to live the good life, but ends up having to assist his dangerously indebted cousin Roman with his financial troubles, by any (mostly illegal) means necessary.Grand Theft Auto IV
94%
A family tragedy prompts gangster Carl "CJ" Johnson to return home, only to find it overrun by crime and corruption, which he must regain control of the streets before it gets even worse.Grand Theft Auto: San Andreas
94%
A former outlaw is forced by the federal government to hunt down the members of his old gang.Red Dead Redemption
94%
Amidst the decline of the Wild West at the turn of the 19th century, outlaw Arthur Morgan and his gang struggle to cope with the loss of their way of life.Red Dead Redemption II
94%
Three very different criminals team up for a series of heists in the corrupt city of Los Santos.Grand Theft Auto V
93%
A troubled teen is dropped off at the worst school in the country and must survive by rising through the rankings of the school system.Bully
90%
A young bank robber escapes from police custody and works his way up through the mafia ladder of crime-ridden Liberty City, USA.Grand Theft Auto III
90%
After being released from jail, Tommy Vercetti left Liberty City for Vice City, a city overrun by the mob. Now, Tommy is out to make Vice City his home.Grand Theft Auto: Vice City
80%
This sequel once again puts the player in the role of an aspiring thug hoping to climb to the top of the criminal world by completing missions and terrorizing the citizenry.Grand Theft Auto 2
79%
Cole Phelps, a war hero and rookie cop, moves up the ranks and solves dark cases in 1940s Los Angeles.L.A. Noire
79%
A troubled NYPD cop is framed for murder and finds himself being hunted by the police, the mob, and a ruthless corporation.Max Payne
75%
Set in the 1880s, you as a bounty hunter must stop a gang of outlaws from the Wild West. You need to also find and kill the man who murdered your parents in order to avenge them.Red Dead Revolver
70%
The brooding cop has left the DEA and returned to the NYPD. When his latest case ends up involving the thought-dead femme fatale Mona Sax, he finds that his journey through the night is far from over.Max Payne 2: The Fall of Max Payne
68%
The ex-cop turned private security guard for a wealthy family in Sao Paulo, Brazil finds himself thrown into a new deadly conflict.Max Payne 3
65%

Score Distribution

Percentile by Number Answered

Percent of People with Each Score

Your Score History

You have not taken this quiz